000 00516nam a2200205Ia 4500
008 100315s9999 xx 000 0 und d
040 _cENGLISH 
082 _b3055 
_a658.848 
100 _a"RATHOR, B. S. RATHOR, J. S. "
245 _aExport Marketing
260 _bHimalaya  
_c
300 _a"XVI,754P  "
365 _eAus.Sch. 
_d
_b0.00 
366 _f
530 _b-  
630 _aExport Marketing
650 _aExport Marketing 
730 _aExport Marketing
942 _cBOOK
999 _c477790
_d477787